| 000 | 00572nam a22002057a 4500 | ||
|---|---|---|---|
| 003 | IIN | ||
| 005 | 20250411125318.0 | ||
| 008 | 250411b |||ad||| |||| 001 0 eng d | ||
| 020 |
_a9789392242274 _c750.00 |
||
| 040 | _aIIN | ||
| 082 |
_a616.9042 _bGUP |
||
| 100 | _aGupta, Pooja | ||
| 245 |
_aApplied Microbiology & Infection Control Including Safety _bfor BSc. Nursing Students _cPooja Gupta |
||
| 260 |
_aPunjab _bVHS _c2023 |
||
| 300 |
_aviii, 552 p. _bcol. ill. |
||
| 500 | _aIncluding Index | ||
| 650 | _aMicrobiology | ||
| 650 | _aInfection Control | ||
| 942 | _cBOOK | ||
| 999 |
_c1745 _d1745 |
||